Историческая хрестоматия по русской истории (Запись № 5566229)

Подробности
000 -МАРКЕР
контрольное поле 02560nam0a22003251i 4500
001 - ИДЕНТИФИКАТОР ЗАПИСИ
контрольное поле v19\rc\1471941
005 - ИДЕНТИФИКАТОР ВЕРСИИ
контрольное поле 20260406012503.0
035 ## - ДРУГИЕ СИСТЕМНЫЕ НОМЕРА
Идентификатор записи (NLR Aleph) 005227125
100 ## - ДАННЫЕ ОБЩЕЙ ОБРАБОТКИ
Данные общей обработки 20060620g18771889|||y0rusy50 ca
101 0# - ЯЗЫК РЕСУРСА
Язык текста, звукозаписи и т.д. русский
102 ## - СТРАНА ПУБЛИКАЦИИ ИЛИ ПРОИЗВОДСТВА
Страна публикации Российская Федерация
105 ## - ПОЛЕ КОДИРОВАННЫХ ДАННЫХ: ТЕКСТОВЫЕ МАТЕРИАЛЫ, МОНОГРАФИЧЕСКИЕ
Кодированные данные о монографическом текстовом документе y j |||||
200 1# - ЗАГЛАВИЕ И СВЕДЕНИЯ ОБ ОТВЕТСТВЕННОСТИ
Основное заглавие Историческая хрестоматия по русской истории
Сведения, относящиеся к заглавию Пособие для преп. и учеников ст. кл. сред. учеб. заведений
Первые сведения об ответственности Сост. Я.Г. Гуревичем и Б.А. Павловичем. Ч. 1-3
210 ## - ПУБЛИКАЦИЯ, РАСПРОСТРАНЕНИЕ И ДР.
Место издания, распространения и т.д. Санкт-Петербург
Имя издателя, распространителя и т. д. тип. М-ва пут. сообщ. (А. Бенке)
Дата издания, распространения и т.д. 1877-1889
215 ## - ФИЗИЧЕСКАЯ ХАРАКТЕРИСТИКА
Специфическое обозначение материала и объем 3 т.
Размеры 24
300 ## - ОБЩИЕ ПРИМЕЧАНИЯ
Текст примечания Ч. 3 напеч. в тип. В.С. Балашева
300 ## - ОБЩИЕ ПРИМЕЧАНИЯ
Текст примечания Ч. 3 изд. 1-го, 2-го и 3-го сост. Я.Г. Гуревичем, дир. С.-Петерб. частной гимназии и Реального училища Гуревича
327 1# - ПРИМЕЧАНИЯ О СОДЕРЖАНИИ
Текст примечания Содерж.: Ч. 1. Восточные славяне и Русь до начала государственной жизни ее; История России от первых князей до Иоанна Грозного. Ч. 2. История России от Иоанна Грозного до Петра Великого. Ч. 3. Время Петра Великого
464 #0 - АНАЛИТИЧЕСКИЙ УРОВЕНЬ
Встроенное поле 2001#$aВосточные славяне и Русь до начала государственной жизни ее$aИстория России от первых князей до Иоанна Грозного$aИстория России от Иоанна Грозного до Петра Великого$aВремя Петра Великого
-- 702#0$3RU\NLR\AUTH\778743$7ca$aИван$cцарь русский$dIV$f1530-1584$4570
-- 702#0$3RU\NLR\AUTH\778862$7ca$aПетр$cимператор российский$dI$f1672-1725$4570
Заглавие Время Петра Великого
700 #1 - ИМЯ ЛИЦА - ПЕРВИЧНАЯ ОТВЕТСТВЕННОСТЬ
Код отношения Составитель
Материалы, к которым относится поле rus
Графика поля Кириллица
Начальный элемент ввода Гуревич
Часть имени, кроме начального элемента ввода Я. Г.
Дополнения к именам, кроме дат историк, педагог
Даты 1843-1906
Расширение инициалов личного имени Яков Григорьевич
Идентификатор авторитетной/нормативной записи RU\NLR\AUTH\77117772
Системный номер авторитетной/нормативной записи 100697
701 #1 - ИМЯ ЛИЦА - АЛЬТЕРНАТИВНАЯ ОТВЕТСТВЕННОСТЬ
Код отношения Составитель
Материалы, к которым относится поле rus
Графика поля Кириллица
Начальный элемент ввода Павлович
Часть имени, кроме начального элемента ввода Б. А.
Даты 1840-1878
Расширение инициалов личного имени Борис Антонович
Идентификатор авторитетной/нормативной записи RU\NLR\AUTH\77117992
Системный номер авторитетной/нормативной записи 100917
801 #0 - ИСТОЧНИК ЗАПИСИ
Страна Российская Федерация
Организация NLR
Дата составления 20060620
Правила каталогизации psbo
801 #0 - ИСТОЧНИК ЗАПИСИ
Страна Российская Федерация
Организация RuMoRGB
Дата составления 20060620
Источник данных psbo
801 #1 - ИСТОЧНИК ЗАПИСИ
Страна Российская Федерация
Организация ProSoft-M
Дата составления 20060620
Источник данных rusmarc
801 #2 - ИСТОЧНИК ЗАПИСИ
Страна Российская Федерация
Организация NLR
Дата составления 20121205
Источник данных rusmarc
852 ## - МЕСТОНАХОЖДЕНИЕ И ШИФР ХРАНЕНИЯ
Идентификатор организации NLR
Шифр хранения (Call Number) 18.17.8.29(ч. 1-2)
852 ## - МЕСТОНАХОЖДЕНИЕ И ШИФР ХРАНЕНИЯ
Идентификатор организации NLR
Шифр хранения (Call Number) 18.57.8.23(ч. 3)
852 ## - МЕСТОНАХОЖДЕНИЕ И ШИФР ХРАНЕНИЯ
Идентификатор организации NLR
Шифр хранения (Call Number) 131/438(ч. 1, 3)
942 ## - ДОПОЛНИТЕЛЬНЫЕ ЭЛЕМЕНТЫ ЗАПИСИ (АБИС)
Тип экземпляра АБИС Книга

Нет доступных экземпляров.